000 00454 a2200145 4500
999 _c311
_d311
020 _a9024250501/CIP
050 _aBS540 INT 1989
100 _aDraisma Sipke
_eeditor
245 _aIntertextuality in biblical writings:
_bEssays in honour of Bas van Iersel/
_cedited by Sipke Draisma
264 _aKampen:
_bUitgeversmaatschappij J.H kok,
_c1989
300 _a207p.:
500 _aIncludes bibliograhy
650 _areligion
942 _2lcc
_cBK
_h540
_iINT
_kBS